<?xml version="1.0" encoding="UTF-8"?>
<marc:record xmlns:marc="http://www.loc.gov/MARC21/slim">
   <marc:leader>00000nam a2200000 a 4500</marc:leader>
   <marc:datafield ind1="1" ind2=" " tag="100">
      <marc:subfield code="a">Kawollek, Wolfgang</marc:subfield>
      <marc:subfield code="4">aut</marc:subfield>
      <marc:subfield code="e">Verfasser/-in</marc:subfield>
   </marc:datafield>
   <marc:datafield ind1=" " ind2=" " tag="653">
      <marc:subfield code="a">Garten</marc:subfield>
   </marc:datafield>
   <marc:datafield ind1=" " ind2=" " tag="653">
      <marc:subfield code="a">Softcover / Ratgeber/Natur/Garten</marc:subfield>
   </marc:datafield>
   <marc:datafield ind1=" " ind2=" " tag="653">
      <marc:subfield code="a">Ratgeber</marc:subfield>
   </marc:datafield>
   <marc:datafield ind1="0" ind2="0" tag="245">
      <marc:subfield code="a">Das Ulmer Gartenbuch</marc:subfield>
   </marc:datafield>
   <marc:datafield ind1="0" ind2="0" tag="245">
      <marc:subfield code="c">Wolfgang Kawollek</marc:subfield>
   </marc:datafield>
   <marc:datafield ind1=" " ind2="1" tag="264">
      <marc:subfield code="a">Stuttgart (Hohenheim)</marc:subfield>
      <marc:subfield code="b">Ulmer</marc:subfield>
      <marc:subfield code="c">2009</marc:subfield>
   </marc:datafield>
   <marc:datafield ind1=" " ind2=" " tag="250">
      <marc:subfield code="a">3. Aufl.</marc:subfield>
   </marc:datafield>
   <marc:datafield ind1="1" ind2=" " tag="520">
      <marc:subfield code="a">Angaben aus der Verlagsmeldung

Das Ulmer Gartenbuch / von Wolfgang Kawollek

Vom Grundstück zum Gartenparadies
Das Standardwerk aktualisiert und im neuen Layout!
- neues Layout, neue Texte
- über 1000 Pflanzenbeschreibungen
- Planung, Anlage, Bepflanzung,Pflege
Das Standardwerk aktualisiert!
Dieser opulente Band begleitet zu verlässig durch den Gartenalltag in allen Gartenbereichen.
Der renommierte Gärtnermeister Wolfgang Kawollek informiert umfassend über die Grundlagen des Gärtnerns, die Planung, Anlage und Pflege der verschiedenen Bereiche, vom Ziergarten mit Sträuchern und Bäumen über den Blumen und Wassergarten, den Obst, Gemüseund Kräutergarten bis hin zum mobilen Grün in Form von Kübelund Balkon pflanzen. Alle Gartenthemen werden ausführlich und leicht verständlich erläutert und mehr als 1000 Pflanzenarten, die besonders gut für den Haus und Kleingarten geeignet sind, beschrieben.
</marc:subfield>
   </marc:datafield>
   <marc:datafield ind1=" " ind2=" " tag="020">
      <marc:subfield code="a">9783800157440</marc:subfield>
      <marc:subfield code="9">9783800157440</marc:subfield>
   </marc:datafield>
   <marc:datafield ind1=" " ind2=" " tag="041">
      <marc:subfield code="a">ger</marc:subfield>
   </marc:datafield>
   <marc:datafield ind1=" " ind2=" " tag="300">
      <marc:subfield code="a">605 S.</marc:subfield>
   </marc:datafield>
</marc:record>
